Reports of land valution appeals in Referee's Courts, High Court and House of Lords from November 3, 1910 to June 30, 1913 (Record no. 105066)

MARC details
000 -LEADER
fixed length control field 00583cam a2200169 4500
001 - CONTROL NUMBER
control field ##L132233
008 - FIXED-LENGTH DATA ELEMENTS--GENERAL INFORMATION
fixed length control field 060119n1913 000 0 eng u
035 ## - SYSTEM CONTROL NUMBER
System control number (Sirsi) u132233
041 0# - LANGUAGE CODE
Language code of text/sound track or separate title eng
050 04 - LIBRARY OF CONGRESS CALL NUMBER
Classification number 333.332 $2 18
100 1# - MAIN ENTRY--PERSONAL NAME
Personal name Davies, Clement E.
245 00 - TITLE STATEMENT
Title Reports of land valution appeals in Referee's Courts, High Court and House of Lords from November 3, 1910 to June 30, 1913
260 ## - PUBLICATION, DISTRIBUTION, ETC.
Place of publication, distribution, etc. London
Name of publisher, distributor, etc. Estates Gazette
-- Sweet and Maxwell
Date of publication, distribution, etc. 1913
300 ## - PHYSICAL DESCRIPTION
Extent 3
Type of unit v.
Dimensions 22cm.
690 ## - LOCAL SUBJECT ADDED ENTRY--TOPICAL TERM (OCLC, RLIN)
Topical term or geographic name as entry element PROPERTY-RURAL AND NATURAL ASSETS-RURAL AND NATURAL ASSET TAXATION
942 ## - ADDED ENTRY ELEMENTS (KOHA)
Suppress in OPAC 0
Holdings
Withdrawn status Lost status Source of classification or shelving scheme Damaged status Not for loan Home library Current library Shelving location Date acquired Total Checkouts Full call number Barcode Date last seen Copy number Price effective from Koha item type
    Dewey Decimal Classification     London London Basement 19/01/2006   SHELF 205 132233-1001 06/08/2019 1 06/08/2019 Book